000
00267nam a2200121Ia 4500
003
OSt
005
20240813123915.0
040
_c
LIBRARY OF CONGRESS
050
_a
T58.6 .B3 2012
100
_a
BIDGOLI HOSSEIN
245
0
_a
MIS INSTRUCTOR'S EDITION
942
_c
BK
_2
ddc
999
_c
202478
_d
202478